[Event "Arco op 38th"]
[Site "Arco"]
[Date "2016.10.14"]
[Round "7"]
[White "Russo, Carmelo"]
[Black "Mazza, Maurizio"]
[Result "1-0"]
[WhiteElo "1647"]
[BlackElo "1616"]
[PlyCount "27"]
[EventDate "2016.10.08"]
[EventType "swiss"]
[EventRounds "9"]
[EventCountry "ITA"]
[SourceTitle "EXT 2017"]
[Source "ChessBase"]
[SourceDate "2016.10.25"]
[SourceVersion "1"]
[SourceVersionDate "2016.10.25"]
[SourceQuality "1"]

1. d4 d5 2. c4 c6 3. Nc3 Nf6 4. Bg5 e6 5. e3 Nbd7 6. cxd5 exd5 7. Qc2 Bd6 8. Bd3 h6 9. Bh4 0-0 10. Nf3 Re8 11. 0-0 Nf8 12. e4 dxe4 13. Nxe4 N8d7 14. Nxd6 1-0

[Event "Pescia op-B 4th"]
[Site "Pescia"]
[Date "2011.09.16"]
[Round "1"]
[White "Malescusi, Dea Nataraj"]
[Black "Mazza, Maurizio"]
[Result "0-1"]
[WhiteElo "1509"]
[BlackElo "1658"]
[PlyCount "118"]
[EventDate "2011.09.16"]
[EventType "swiss"]
[EventRounds "5"]
[EventCountry "ITA"]
[SourceTitle "EXT 2015"]
[Source "ChessBase"]
[SourceDate "2014.11.20"]
[SourceVersion "1"]
[SourceVersionDate "2014.11.20"]
[SourceQuality "1"]

1. d4 d5 2. Nf3 Nf6 3. e3 Bg4 4. c4 e6 5. Qb3 b6 6. Ne5 Bd6 7. Nc3 0-0 8. cxd5 Bxe5 9. dxe5 Nxd5 10. Nxd5 exd5 11. Bb5 c6 12. Bd3 Nd7 13. Qc3 Rc8 14. 0-0 Re8 15. f4 Nc5 16. Bc2 Ne4 17. Bxe4 dxe4 18. b3 Qd3 19. Qe1 Rcd8 20. Ba3 c5 21. h3 Bc8 22. Rd1 Qc2 23. Rxd8 Rxd8 24. Qb1 Qd3 25. Re1 Ba6 26. Bb2 Qxb1 27. Rxb1 Rd2 28. f5 Bd3 29. Bc3 Re2 30. Re1 Rxa2 31. g4 Ra3 32. g5 Rxb3 33. Ba1 Ra3 34. e6 fxe6 35. f6 gxf6 36. gxf6 Ra2 37. Kh1 Rf2 38. Rg1+ Kf8 39. Be5 Rf1 40. Rxf1 Bxf1 41. h4 b5 42. Kh2 Kf7 43. Kg3 c4 44. Bc3 a5 45. Bxa5 Kxf6 46. Kf4 Bd3 47. Bc3+ Kg6 48. Kg4 Be2+ 49. Kf4 Bf3 50. Kg3 Kf5 51. Kh3 e5 52. Kg3 Ke6 53. Bb4 Kd5 54. Kf2 Ke6 55. Ke1 Kd5 56. Kf2 c3 57. Bxc3 Kc4 58. Bd2 b4 59. Be1 b3 0-1

[Event "Donoratico op-B"]
[Site "Donoratico"]
[Date "2011.05.01"]
[Round "5"]
[White "Mazza, Maurizio"]
[Black "Gulinelli, Euro"]
[Result "1/2-1/2"]
[WhiteElo "1658"]
[BlackElo "1658"]
[PlyCount "122"]
[EventDate "2011.04.29"]
[EventType "swiss"]
[EventRounds "5"]
[EventCountry "ITA"]
[SourceTitle "EXT 2015"]
[Source "ChessBase"]
[SourceDate "2014.11.20"]
[SourceVersion "1"]
[SourceVersionDate "2014.11.20"]
[SourceQuality "1"]

1. e4 c6 2. d4 d5 3. exd5 cxd5 4. Nc3 Nf6 5. Nf3 Bg4 6. Be2 e6 7. 0-0 Nc6 8. Re1 Bxf3 9. Bxf3 Be7 10. Bg5 0-0 11. a3 Qb6 12. Be3 Qxb2 13. Na4 Qb5 14. c3 Qa5 15. Be2 Ne4 16. Qc2 b5 17. f3 Nf6 18. Nb2 a6 19. Nd3 Qb6 20. Bf2 Rfc8 21. Ne5 Nxd4 22. Bxd4 Qxd4+ 23. cxd4 Rxc2 24. Bd3 Rc3 25. a4 b4 26. Rab1 a5 27. Bb5 Rac8 28. Nc6 R8xc6 29. Bxc6 Rxc6 30. Rec1 Rc4 31. Kf2 Nd7 32. Ke2 Nb6 33. Kd3 Bf6 34. Rxc4 dxc4+ 35. Ke4 Nd5 36. Rc1 c3 37. Kd3 Bg5 38. Re1 b3 39. g3 Be3 40. Rxe3 Nxe3 41. Kxc3 Nf1 42. Kxb3 Nxh2 43. Kc4 Nxf3 44. Kb5 Nxd4+ 45. Kxa5 Ne2 46. Kb6 Nxg3 47. a5 g5 48. a6 Nf5 49. a7 Kg7 50. a8Q Kg6 51. Qg8+ Ng7 52. Kc5 h5 53. Kd4 Kf6 54. Ke4 Kg6 55. Qb8 f5+ 56. Kf3 h4 57. Qe5 g4+ 58. Kg2 h3+ 59. Kh2 Kh6 60. Qf6+ Kh7 61. Qf7 Kh6 1/2-1/2

[Event "Arco op 31st"]
[Site "Arco"]
[Date "2009.10.24"]
[Round "9"]
[White "Savarese, Vincenzo"]
[Black "Mazza, Maurizio"]
[Result "1-0"]
[WhiteElo "1810"]
[BlackElo "1679"]
[PlyCount "43"]
[EventDate "2009.10.17"]
[EventType "swiss"]
[EventRounds "9"]
[EventCountry "ITA"]
[SourceTitle "EXT 2010"]
[Source "ChessBase"]
[SourceDate "2010.11.25"]
[SourceVersion "1"]
[SourceVersionDate "2010.11.25"]
[SourceQuality "1"]

1. e4 e5 2. Nf3 Nc6 3. d4 exd4 4. Nxd4 Bc5 5. Be3 Qf6 6. Nb5 Bxe3 7. fxe3 Qd8 8. Qg4 g6 9. Qf4 d6 10. Bc4 Ne5 11. 0-0 Qe7 12. Bb3 Be6 13. Bxe6 fxe6 14. Nxc7+ Qxc7 15. Qf8+ Kd7 16. Qxa8 Qb6 17. Nc3 g5 18. Rf8 Qxe3+ 19. Kh1 Kc6 20. Qe8+ Kc7 21. Nb5+ Kb6 22. Nxd6 1-0

[Event "Arco op 31st"]
[Site "Arco"]
[Date "2009.10.20"]
[Round "4"]
[White "Mazza, Maurizio"]
[Black "Pistone, Salvatore"]
[Result "1-0"]
[WhiteElo "1677"]
[BlackElo "1864"]
[PlyCount "41"]
[EventDate "2009.10.17"]
[EventType "swiss"]
[EventRounds "9"]
[EventCountry "ITA"]
[SourceTitle "EXT 2010"]
[Source "ChessBase"]
[SourceDate "2010.11.25"]
[SourceVersion "1"]
[SourceVersionDate "2010.11.25"]
[SourceQuality "1"]

1. e4 c5 2. c3 d6 3. d4 cxd4 4. cxd4 Bd7 5. Nc3 Nf6 6. Nf3 g6 7. Bc4 Nc6 8. Ng5 e6 9. 0-0 Na5 10. Bd3 Nc6 11. Be3 a6 12. a3 b5 13. b4 Be7 14. f4 Nh5 15. Be2 Ng7 16. d5 Na7 17. Bxa7 Rxa7 18. Qd4 Bf6 19. Qxa7 Bxc3 20. Rac1 Qc8 21. Qe3 1-0

[Event "Rome Elo op 5th"]
[Site "Rome"]
[Date "2009.09.23"]
[Round "2"]
[White "Pipitone, Filippo Massimo"]
[Black "Mazza, Maurizio"]
[Result "1-0"]
[WhiteElo "1465"]
[BlackElo "1677"]
[PlyCount "36"]
[EventDate "2009.09.16"]
[EventType "swiss"]
[EventRounds "5"]
[EventCountry "ITA"]
[SourceTitle "EXT 2012"]
[Source "ChessBase"]
[SourceDate "2011.11.24"]
[SourceVersion "1"]
[SourceVersionDate "2011.11.24"]
[SourceQuality "1"]

1. e4 e5 2. Nf3 Nc6 3. Bb5 d6 4. d4 exd4 5. Nxd4 Bd7 6. Nc3 Be7 7. 0-0 Nf6 8. Re1 0-0 9. h3 a6 10. Bf1 Nxd4 11. Qxd4 Be6 12. Bf4 Re8 13. Re3 Qd7 14. Rae1 Rad8 15. Be2 b5 16. Rg3 b4 17. Bg4 Nxg4 18. Rxg4 Bf6 1-0

[Event "Rome Elo op 4th"]
[Site "Rome"]
[Date "2009.05.13"]
[Round "2"]
[White "Mazza, Maurizio"]
[Black "De Maria, Isaia"]
[Result "0-1"]
[WhiteElo "1697"]
[BlackElo "1884"]
[PlyCount "60"]
[EventDate "2009.05.06"]
[EventType "swiss"]
[EventRounds "7"]
[EventCountry "ITA"]
[SourceTitle "EXT 2011"]
[Source "ChessBase"]
[SourceDate "2010.11.26"]
[SourceVersion "1"]
[SourceVersionDate "2010.11.26"]
[SourceQuality "1"]

1. e4 c5 2. c3 Nf6 3. e5 Nd5 4. d4 cxd4 5. cxd4 Nc6 6. Bc4 Nb6 7. Bb3 d6 8. Nf3 dxe5 9. Ng5 e6 10. Qf3 Qc7 11. 0-0 Nxd4 12. Qh3 Ne2+ 13. Kh1 Nxc1 14. Nc3 Nxb3 15. axb3 Bb4 16. Nb5 Qd8 17. Qg4 Be7 18. Rfd1 Nd5 19. Ne4 0-0 20. Rd3 Qb6 21. Rg3 g6 22. Nbc3 Nxc3 23. bxc3 f5 24. Qh5 Bf6 25. Rxg6+ hxg6 26. Qxg6+ Bg7 27. Ng5 Rf6 28. Qe8+ Bf8 29. Qh5 Qc7 30. Ra4 Rh6 0-1

[Event "Rome Elo op 4th"]
[Site "Rome"]
[Date "2009.05.06"]
[Round "1"]
[White "Castelfranchi, Carlo"]
[Black "Mazza, Maurizio"]
[Result "1/2-1/2"]
[WhiteElo "2082"]
[BlackElo "1697"]
[PlyCount "114"]
[EventDate "2009.05.06"]
[EventType "swiss"]
[EventRounds "7"]
[EventCountry "ITA"]
[SourceTitle "EXT 2011"]
[Source "ChessBase"]
[SourceDate "2010.11.26"]
[SourceVersion "1"]
[SourceVersionDate "2010.11.26"]
[SourceQuality "1"]

1. e4 e5 2. Nf3 Nc6 3. Bb5 Nf6 4. 0-0 d6 5. d4 exd4 6. Qxd4 Bd7 7. Bxc6 Bxc6 8. Nc3 Be7 9. Bf4 0-0 10. Rad1 Re8 11. Rfe1 h6 12. e5 Bxf3 13. gxf3 dxe5 14. Qxe5 Bd6 15. Qd4 Rxe1+ 16. Rxe1 Bxf4 17. Qxf4 c6 18. Qb4 b6 19. Rd1 Qc7 20. Qd6 Qxd6 21. Rxd6 Rc8 22. Ne4 Nxe4 23. fxe4 Rc7 24. Rd8+ Kh7 25. Rd6 Kg8 26. a4 Kf8 27. e5 Ke7 28. c4 c5 29. a5 Rd7 30. axb6 axb6 31. Rxb6 Rd4 32. b3 Re4 33. Kg2 Rxe5 34. Kf3 Re6 35. Rb7+ Kf6 36. Rc7 Re5 37. h4 g6 38. Rc6+ Ke7 39. Kf4 f6 40. Rc7+ Ke6 41. Rh7 h5 42. Rh6 Rf5+ 43. Kg3 Kf7 44. Rh7+ Ke6 45. f4 Kd6 46. Rg7 Ke6 47. Rh7 g5 48. hxg5 fxg5 49. Rh6+ Kf7 50. fxg5 Rxg5+ 51. Kf4 Rg4+ 52. Kf5 Rh4 53. Rc6 Rh3 54. Rxc5 Rxb3 55. Rc7+ Ke8 56. Ke6 Rb6+ 57. Kf5 Kd8 1/2-1/2

[Event "Rome Elo op 3rd"]
[Site "Rome"]
[Date "2009.04.15"]
[Round "6"]
[White "Mazza, Maurizio"]
[Black "Migliozzi, Giuseppe"]
[Result "0-1"]
[WhiteElo "1711"]
[BlackElo "1732"]
[PlyCount "36"]
[EventDate "2009.03.11"]
[EventType "swiss"]
[EventRounds "6"]
[EventCountry "ITA"]
[SourceTitle "EXT 2011"]
[Source "ChessBase"]
[SourceDate "2010.11.26"]
[SourceVersion "1"]
[SourceVersionDate "2010.11.26"]
[SourceQuality "1"]

1. e4 d5 2. exd5 Qxd5 3. Nc3 Qa5 4. d4 Nf6 5. Bd3 Nc6 6. Nge2 e5 7. dxe5 Nxe5 8. Bb5+ c6 9. Ba4 Bb4 10. Bb3 Bf5 11. 0-0 Rd8 12. Bd2 0-0 13. a3 Bxc3 14. Nxc3 Rd7 15. Re1 Rfd8 16. Re2 Bg4 17. f3 Qc5+ 18. Kh1 Nxf3 0-1

[Event "Rome Elo op 3rd"]
[Site "Rome"]
[Date "2009.04.01"]
[Round "4"]
[White "Di Mauro, Giuseppe"]
[Black "Mazza, Maurizio"]
[Result "1-0"]
[WhiteElo "1943"]
[BlackElo "1711"]
[PlyCount "77"]
[EventDate "2009.03.11"]
[EventType "swiss"]
[EventRounds "6"]
[EventCountry "ITA"]
[SourceTitle "EXT 2011"]
[Source "ChessBase"]
[SourceDate "2010.11.26"]
[SourceVersion "1"]
[SourceVersionDate "2010.11.26"]
[SourceQuality "1"]

1. c4 Nf6 2. Nc3 e6 3. g3 d5 4. Bg2 c6 5. cxd5 exd5 6. d4 Bf5 7. Qb3 Qb6 8. Qxb6 axb6 9. Nf3 Nbd7 10. 0-0 Bd6 11. Bg5 0-0 12. a3 h6 13. Bxf6 Nxf6 14. Rac1 Rfe8 15. e3 b5 16. Nd2 b4 17. axb4 Bxb4 18. Ra1 Ra6 19. Rxa6 bxa6 20. Ra1 Bd3 21. Nb3 Rb8 22. Nc1 Bg6 23. Bf1 a5 24. Na4 Bd2 25. Nd3 Ne4 26. Ne5 Rc8 27. Bd3 Bh7 28. Rd1 Bb4 29. Rc1 c5 30. Nb6 Rd8 31. Bxe4 Bxe4 32. dxc5 d4 33. exd4 Rxd4 34. c6 Bd6 35. f4 Bc7 36. Na8 Rd2 37. Nxc7 Rg2+ 38. Kf1 Rxh2 39. Rc5 1-0

[Event "Rome Elo op 3rd"]
[Site "Rome"]
[Date "2009.03.11"]
[Round "1"]
[White "Mazza, Maurizio"]
[Black "Marino, Giovanni"]
[Result "0-1"]
[WhiteElo "1711"]
[BlackElo "1969"]
[PlyCount "68"]
[EventDate "2009.03.11"]
[EventType "swiss"]
[EventRounds "6"]
[EventCountry "ITA"]
[SourceTitle "EXT 2011"]
[Source "ChessBase"]
[SourceDate "2010.11.26"]
[SourceVersion "1"]
[SourceVersionDate "2010.11.26"]
[SourceQuality "1"]

1. e4 c5 2. Nf3 d6 3. c3 Nf6 4. e5 Nd5 5. d4 cxd4 6. exd6 Qxd6 7. Nxd4 a6 8. Nd2 e6 9. N2f3 Be7 10. Bd3 h6 11. 0-0 0-0 12. Re1 Nd7 13. Bc2 b6 14. Qd3 N5f6 15. Qe2 Re8 16. h3 Bb7 17. Be3 Rad8 18. Rad1 Qb8 19. Qd2 Bf8 20. Qc1 e5 21. Nf5 e4 22. Bf4 Qa8 23. N3h4 Nc5 24. Qe3 Nd5 25. Qg3 Nxf4 26. Qxf4 Qb8 27. Qg4 Kh8 28. Rd4 Rxd4 29. cxd4 Nd3 30. Re3 Nxb2 31. Bxe4 Nc4 32. Re2 Bxe4 33. Rxe4 Nd2 34. Qe2 Nxe4 0-1

[Event "Rome Elo op 2nd"]
[Site "Rome"]
[Date "2009.02.25"]
[Round "7"]
[White "Mazza, Maurizio"]
[Black "Colantonio, Marco"]
[Result "1-0"]
[WhiteElo "1711"]
[BlackElo "1695"]
[PlyCount "97"]
[EventDate "2009.01.14"]
[EventType "swiss"]
[EventRounds "7"]
[EventCountry "ITA"]
[SourceTitle "EXT 2011"]
[Source "ChessBase"]
[SourceDate "2010.11.26"]
[SourceVersion "1"]
[SourceVersionDate "2010.11.26"]
[SourceQuality "1"]

1. e4 d6 2. d4 Nf6 3. Nc3 g6 4. Nf3 Bg7 5. Bc4 0-0 6. Bg5 c6 7. 0-0 b5 8. Bd3 b4 9. Nb1 Nbd7 10. Re1 h6 11. Be3 c5 12. c3 Bb7 13. Nbd2 Ng4 14. Bf4 e5 15. dxe5 Ndxe5 16. Bc2 Qb6 17. Nxe5 dxe5 18. Bg3 Rad8 19. Qxg4 Rxd2 20. Rac1 bxc3 21. bxc3 Qb2 22. Bb3 h5 23. Qxg6 Qxb3 24. Qxg7+ Kxg7 25. axb3 f6 26. f3 a6 27. Red1 Rfd8 28. Rxd2 Rxd2 29. Bf2 c4 30. b4 Bc6 31. Kf1 Bb5 32. Be3 Rd3 33. Kf2 Kg6 34. g3 f5 35. exf5+ Kxf5 36. h3 e4 37. g4+ hxg4 38. fxg4+ Kg6 39. h4 Bd7 40. h5+ Kf7 41. g5 Bg4 42. h6 Bf5 43. Ra1 Rxc3 44. Rxa6 Rb3 45. Rf6+ Kg8 46. Rxf5 Rxb4 47. g6 Rb7 48. Bc5 Rc7 49. Rf8# 1-0

[Event "Arco op 30th"]
[Site "Arco"]
[Date "2008.10.22"]
[Round "5"]
[White "Thonig, Manfred"]
[Black "Mazza, Maurizio"]
[Result "1-0"]
[WhiteElo "1709"]
[BlackElo "1765"]
[PlyCount "45"]
[EventDate "2008.10.18"]
[EventType "swiss"]
[EventRounds "9"]
[EventCountry "ITA"]
[SourceTitle "CBM 127 Extra"]
[Source "ChessBase"]
[SourceDate "2009.01.08"]
[SourceVersion "2"]
[SourceVersionDate "2009.01.28"]
[SourceQuality "1"]

1. f4 Nc6 2. Nf3 d5 3. d4 Bf5 4. e3 Nb4 5. Na3 e6 6. c3 Nc6 7. Bb5 Nf6 8. Ne5 Ne4 9. 0-0 Qd6 10. Nc2 a6 11. Bxc6+ bxc6 12. Nb4 c5 13. Qa4+ Ke7 14. Nbc6+ Kf6 15. g4 g6 16. gxf5 gxf5 17. Qd1 h5 18. Rf3 h4 19. Qf1 Be7 20. Kh1 Rag8 21. b3 Bd8 22. a4 Qf8 23. Nd7+ 1-0

[Event "Arco op 30th"]
[Site "Arco"]
[Date "2008.10.20"]
[Round "3"]
[White "Mazza, Maurizio"]
[Black "Zordan, Diego"]
[Result "0-1"]
[WhiteElo "1765"]
[BlackElo "1846"]
[PlyCount "74"]
[EventDate "2008.10.18"]
[EventType "swiss"]
[EventRounds "9"]
[EventCountry "ITA"]
[SourceTitle "CBM 127 Extra"]
[Source "ChessBase"]
[SourceDate "2009.01.08"]
[SourceVersion "2"]
[SourceVersionDate "2009.01.28"]
[SourceQuality "1"]

1. e4 d6 2. d4 Nf6 3. Nc3 c6 4. Nf3 Bg4 5. Be2 Nbd7 6. Be3 e5 7. d5 Be7 8. 0-0 0-0 9. Re1 Re8 10. a4 Qc7 11. Qd2 a6 12. b4 Rac8 13. Ra3 cxd5 14. exd5 Nb6 15. Qd1 Nc4 16. Rb3 Nxe3 17. fxe3 Qb6 18. Bd3 Rxc3 19. Rxc3 e4 20. Bxe4 Nxe4 21. Rc4 Bg5 22. Qd3 Bxf3 23. gxf3 Nf6 24. f4 Bh6 25. Kg2 g6 26. Kf3 Qd8 27. Rg1 Qd7 28. a5 Qh3+ 29. Rg3 Qxh2 30. Rg2 Qh5+ 31. Kg3 Qg4+ 32. Kh2 Qh4+ 33. Kg1 Ng4 34. Re2 Qg3+ 35. Rg2 Qe1+ 36. Qf1 Qxf1+ 37. Kxf1 Nxe3+ 0-1

[Event "Rome Accademia op 04"]
[Site "Rome"]
[Date "2008.04.19"]
[Round "4"]
[White "Caprio, Guido"]
[Black "Mazza, Maurizio"]
[Result "1-0"]
[WhiteElo "2140"]
[BlackElo "1750"]
[PlyCount "39"]
[EventDate "2008.04.18"]
[EventType "swiss"]
[EventRounds "5"]
[EventCountry "ITA"]
[SourceTitle "EXT 2011"]
[Source "ChessBase"]
[SourceDate "2010.11.26"]
[SourceVersion "1"]
[SourceVersionDate "2010.11.26"]
[SourceQuality "1"]

1. e4 e5 2. f4 exf4 3. Bc4 Be7 4. d4 Bh4+ 5. Kf1 Nf6 6. Qf3 0-0 7. Bxf4 Nxe4 8. Qxe4 Re8 9. Be5 d6 10. Nf3 Bf6 11. Bxf6 gxf6 12. Qh4 Bf5 13. Nc3 Nc6 14. Nd5 Re6 15. Re1 Kg7 16. Nf4 Rxe1+ 17. Kxe1 Qe7+ 18. Kd2 Ne5 19. dxe5 dxe5 20. Qxf6+ 1-0

[Event "Rome Accademia op 04"]
[Site "Rome"]
[Date "2008.04.19"]
[Round "3"]
[White "Mazza, Maurizio"]
[Black "Spano Cuomo, Gaetano"]
[Result "1-0"]
[WhiteElo "1750"]
[BlackElo "1895"]
[PlyCount "109"]
[EventDate "2008.04.18"]
[EventType "swiss"]
[EventRounds "5"]
[EventCountry "ITA"]
[SourceTitle "EXT 2011"]
[Source "ChessBase"]
[SourceDate "2010.11.26"]
[SourceVersion "1"]
[SourceVersionDate "2010.11.26"]
[SourceQuality "1"]

1. e4 e5 2. Nf3 Nc6 3. d4 d6 4. dxe5 Nxe5 5. Nxe5 dxe5 6. Qxd8+ Kxd8 7. Bc4 f6 8. Be3 c6 9. Nd2 Kc7 10. Nb3 b6 11. 0-0 g5 12. a4 Bd7 13. a5 b5 14. Be2 Ne7 15. a6 Nc8 16. Rfd1 Nb6 17. Nc5 Bxc5 18. Bxc5 Rhe8 19. Bh5 Rg8 20. Be7 Be6 21. Rd6 Bc4 22. Rad1 f5 23. b3 fxe4 24. bxc4 bxc4 25. Bf6 Nd5 26. Bxe5 Kb6 27. Bd4+ Kxa6 28. Rxc6+ Kb7 29. Rxc4 Rad8 30. Be5 g4 31. Rb1+ Ka8 32. Bf7 Rgf8 33. Bxd5+ Rxd5 34. Bg3 Rfd8 35. h3 e3 36. fxe3 gxh3 37. Rd4 Rxd4 38. exd4 hxg2 39. Kxg2 a5 40. c3 Rc8 41. Rc1 Kb7 42. c4 Kc6 43. Rb1 a4 44. d5+ Kc5 45. d6 a3 46. Kf3 a2 47. Ra1 Kxc4 48. Rxa2 Kd5 49. Rd2+ Ke6 50. Ke4 Kd7 51. Rf2 Rc4+ 52. Kd5 Rc1 53. Rf7+ Ke8 54. Rxh7 Rd1+ 55. Ke6 1-0